[Event "George Trundle NZ Qualifiers 2017"]
[Site "Auckland, NZL"]
[Date "2017.10.03"]
[Round "4.1"]
[White "Macdonald, Paul"]
[Black "Zhang, Jasmine Haomo"]
[Result "1/2-1/2"]
[BlackElo "1826"]
[WhiteElo "2033"]
[LiveChessVersion "1.4.8"]

1. b3 {[%clk 1:30:54]} d5 {[%clk 1:30:54]} 2. Bb2 {[%clk 1:31:20]} Nf6
{[%clk 1:30:40]} 3. Nf3 {[%clk 1:31:44]} Bf5 {[%clk 1:30:42]} 4. g3
{[%clk 1:31:22]} e6 {[%clk 1:30:46]} 5. Bg2 {[%clk 1:31:46]} Nbd7
{[%clk 1:31:00]} 6. d3 {[%clk 1:32:01]} Be7 {[%clk 1:30:04]} 7. Nbd2
{[%clk 1:32:24]} O-O {[%clk 1:30:25]} 8. e3 {[%clk 1:32:49]} h6 {[%clk 1:28:28]}
9. Qe2 {[%clk 1:33:13]} Bh7 {[%clk 1:27:09]} 10. e4 {[%clk 1:31:48]} Bb4
{[%clk 1:25:24]} 11. O-O {[%clk 1:23:32]} dxe4 {[%clk 1:22:04]} 12. dxe4
{[%clk 1:22:55]} c6 {[%clk 1:20:04]} 13. a3 {[%clk 1:02:57]} Bc5 {[%clk 1:18:17]}
14. e5 {[%clk 0:59:54]} Nd5 {[%clk 1:16:14]} 15. c4 {[%clk 1:00:09]} Ne7
{[%clk 1:15:48]} 16. Ne4 {[%clk 0:54:35]} Bxe4 {[%clk 1:13:50]} 17. Qxe4
{[%clk 0:55:04]} Ng6 {[%clk 1:13:52]} 18. Rad1 {[%clk 0:50:56]} Qe7
{[%clk 1:11:37]} 19. h4 {[%clk 0:51:18]} Rfd8 {[%clk 1:06:57]} 20. h5
{[%clk 0:51:29]} Ngf8 {[%clk 1:07:22]} 21. b4 {[%clk 0:51:45]} Bb6
{[%clk 1:07:08]} 22. Qe2 {[%clk 0:43:05]} a5 {[%clk 1:00:44]} 23. c5
{[%clk 0:42:43]} Bc7 {[%clk 1:00:47]} 24. Nd2 {[%clk 0:40:03]} axb4
{[%clk 0:58:25]} 25. axb4 {[%clk 0:40:31]} f6 {[%clk 0:56:13]} 26. f4
{[%clk 0:32:32]} Ra2 {[%clk 0:45:48]} 27. Nc4 {[%clk 0:32:50]} fxe5
{[%clk 0:44:49]} 28. Nd6 {[%clk 0:24:43]} b6 {[%clk 0:31:22]} 29. fxe5
{[%clk 0:21:25]} bxc5 {[%clk 0:15:03]} 30. bxc5 {[%clk 0:21:54]} Nxc5
{[%clk 0:15:04]} 31. Rf7 {[%clk 0:18:31]} Bxd6 {[%clk 0:11:08]} 32. Rxe7
{[%clk 0:18:23]} Bxe7 {[%clk 0:11:28]} 33. Rxd8 {[%clk 0:15:05]} Bxd8
{[%clk 0:11:53]} 34. Bxc6 {[%clk 0:10:46]} Na4 {[%clk 0:08:23]} 35. Bxa4
{[%clk 0:09:47]} Rxa4 {[%clk 0:08:44]} 36. Qd1 {[%clk 0:08:13]} Bb6+
{[%clk 0:08:06]} 37. Kg2 {[%clk 0:08:36]} Ra7 {[%clk 0:07:54]} 38. Qd6
{[%clk 0:07:29]} Bc7 {[%clk 0:05:54]} 39. Qb4 {[%clk 0:02:40]} Ra2
{[%clk 0:03:40]} 40. Qb3 {[%clk 0:33:00]} Rxb2+ {[%clk 0:32:56]} 41. Qxb2
{[%clk 0:33:19]} Bd8 {[%clk 0:33:22]} 42. Qb7 {[%clk 0:28:46]} Bg5
{[%clk 0:32:27]} 43. Kf3 {[%clk 0:28:07]} Bd8 {[%clk 0:31:32]} 44. Qc8
{[%clk 0:28:05]} Be7 {[%clk 0:31:41]} 45. Qe8 {[%clk 0:28:27]} Bg5
{[%clk 0:32:00]} 46. Ke4 {[%clk 0:26:51]} Bd2 {[%clk 0:32:10]} 47. Kd3
{[%clk 0:24:10]} Be1 {[%clk 0:31:33]} 48. g4 {[%clk 0:24:38]} Bh4
{[%clk 0:31:44]} 49. Kc4 {[%clk 0:24:49]} Bg5 {[%clk 0:32:08]} 50. Kc5
{[%clk 0:25:03]} Bh4 {[%clk 0:32:33]} 51. Kd6 {[%clk 0:25:24]} Bg5
{[%clk 0:32:49]} 52. Qb8 {[%clk 0:18:15]} Bh4 {[%clk 0:32:43]} 53. Qb6
{[%clk 0:17:11]} Bg5 {[%clk 0:32:51]} 54. Qf2 {[%clk 0:16:49]} Bd8
{[%clk 0:33:09]} 55. Kc6 {[%clk 0:16:57]} Bg5 {[%clk 0:33:09]} 56. Kc7
{[%clk 0:17:12]} Be7 {[%clk 0:33:10]} 57. Qf3 {[%clk 0:11:31]} Bg5
{[%clk 0:32:59]} 58. Kd6 {[%clk 0:11:59]} Bd8 {[%clk 0:33:04]} 59. Qc6
{[%clk 0:12:16]} Bg5 {[%clk 0:33:09]} 60. Qc7 {[%clk 0:12:32]} Bh4
{[%clk 0:33:26]} 61. Kc5 {[%clk 0:12:56]} Bg5 {[%clk 0:33:49]} 62. Kd4
{[%clk 0:13:14]} Bh4 {[%clk 0:34:14]} 63. Ke4 {[%clk 0:13:14]} Bg5
{[%clk 0:34:30]} 64. Kf3 {[%clk 0:13:10]} Bh4 {[%clk 0:34:53]} 65. Kf4
{[%clk 0:13:05]} Bg5+ {[%clk 0:35:02]} 66. Kg3 {[%clk 0:13:16]} Bd2
{[%clk 0:35:20]} 67. Qc2 {[%clk 0:11:25]} Bg5 {[%clk 0:35:41]} 68. Qc5
{[%clk 0:11:46]} Bd2 {[%clk 0:35:56]} 69. Qd6 {[%clk 0:10:57]} Bg5
{[%clk 0:36:18]} 70. Kh3 {[%clk 0:08:27]} Bf4 {[%clk 0:36:28]} 71. g5
{[%clk 0:08:37]} Bxg5 {[%clk 0:36:12]} 72. Kg4 {[%clk 0:08:47]} Bc1
{[%clk 0:36:19]} 73. Kf3 {[%clk 0:09:11]} Bg5 {[%clk 0:36:43]} 74. Ke4
{[%clk 0:09:36]} Bh4 {[%clk 0:36:31]} 75. Kd4 {[%clk 0:09:56]} Bg5
{[%clk 0:36:57]} 76. Kc5 {[%clk 0:10:22]} Bh4 {[%clk 0:37:15]} 77. Kc6
{[%clk 0:10:46]} Bg5 {[%clk 0:37:41]} 78. Kc7 {[%clk 0:11:01]} Bh4
{[%clk 0:38:04]} 79. Qb4 {[%clk 0:11:06]} Bg5 {[%clk 0:38:27]} 80. Kc8
{[%clk 0:11:25]} Kf7 {[%clk 0:38:38]} 81. Qb7+ {[%clk 0:11:08]} Kg8
{[%clk 0:39:04]} 82. Qb4 {[%clk 0:08:46]} Kf7 {[%clk 0:39:28]} 83. Kc7
{[%clk 0:08:31]} Kg8 {[%clk 0:39:38]} 84. Qe1 {[%clk 0:07:36]} Be7
{[%clk 0:39:14]} 85. Qf2 {[%clk 0:07:34]} Bg5 {[%clk 0:39:31]} 86. Kd6
{[%clk 0:06:05]} Bd8 {[%clk 0:39:46]} 87. Qg3 {[%clk 0:05:38]} Bg5
{[%clk 0:40:05]} 88. Qg4 {[%clk 0:03:46]} Bd8 {[%clk 0:40:08]} 89. Qb4
{[%clk 0:02:59]} Bg5 {[%clk 0:40:25]} 90. Kc7 {[%clk 0:02:22]} Kf7
{[%clk 0:40:49]} 1/2-1/2

[Event "George Trundle NZ Qualifiers 2017"]
[Site "Auckland, NZL"]
[Date "2017.10.03"]
[Round "4.2"]
[White "James, Jack"]
[Black "Polishchuk, Kirill"]
[Result "1/2-1/2"]
[BlackElo "2134"]
[WhiteElo "2062"]
[LiveChessVersion "1.4.8"]

1. d4 {[%clk 1:30:56]} c5 {[%clk 1:30:53]} 2. c3 {[%clk 1:31:20]} e6
{[%clk 1:31:11]} 3. Nf3 {[%clk 1:31:42]} Nf6 {[%clk 1:31:30]} 4. Bg5
{[%clk 1:31:56]} Be7 {[%clk 1:30:44]} 5. Nbd2 {[%clk 1:32:17]} d5
{[%clk 1:30:08]} 6. e3 {[%clk 1:32:38]} Nc6 {[%clk 1:29:27]} 7. Bd3
{[%clk 1:32:37]} Qc7 {[%clk 1:28:28]} 8. Bf4 {[%clk 1:32:47]} Bd6
{[%clk 1:28:03]} 9. Bxd6 {[%clk 1:32:33]} Qxd6 {[%clk 1:28:27]} 10. O-O
{[%clk 1:31:53]} e5 {[%clk 1:23:51]} 11. dxe5 {[%clk 1:30:14]} Nxe5
{[%clk 1:23:18]} 12. Nxe5 {[%clk 1:30:33]} Qxe5 {[%clk 1:23:32]} 13. e4
{[%clk 1:29:57]} dxe4 {[%clk 1:13:48]} 14. Nxe4 {[%clk 1:28:41]} O-O
{[%clk 1:10:32]} 15. Nxf6+ {[%clk 1:28:42]} Qxf6 {[%clk 1:10:35]} 16. Qh5
{[%clk 1:28:19]} g6 {[%clk 1:08:55]} 17. Qxc5 {[%clk 1:28:04]} 1/2-1/2

[Event "George Trundle NZ Qualifiers 2017"]
[Site "Auckland, NZL"]
[Date "2017.10.03"]
[Round "4.3"]
[White "Milligan, Helen"]
[Black "Nicholls, Leighton"]
[Result "1-0"]
[BlackElo "1902"]
[WhiteElo "2007"]
[LiveChessVersion "1.4.8"]

1. e4 {[%clk 1:30:57]} e5 {[%clk 1:30:53]} 2. Nf3 {[%clk 1:31:21]} Nc6
{[%clk 1:31:17]} 3. Bc4 {[%clk 1:31:44]} Bc5 {[%clk 1:31:39]} 4. c3
{[%clk 1:31:58]} Nf6 {[%clk 1:32:01]} 5. d3 {[%clk 1:32:20]} d6 {[%clk 1:31:42]}
6. Nbd2 {[%clk 1:31:11]} a5 {[%clk 1:30:24]} 7. Bb3 {[%clk 1:28:31]} O-O
{[%clk 1:28:40]} 8. O-O {[%clk 1:28:17]} h6 {[%clk 1:19:11]} 9. h3
{[%clk 1:27:09]} Re8 {[%clk 1:18:54]} 10. Nc4 {[%clk 1:24:43]} Be6
{[%clk 1:13:13]} 11. Ne3 {[%clk 1:24:04]} d5 {[%clk 1:10:50]} 12. Qc2
{[%clk 1:07:41]} Qd7 {[%clk 1:03:42]} 13. Ba4 {[%clk 1:03:32]} Qd6
{[%clk 0:54:41]} 14. d4 {[%clk 0:54:56]} exd4 {[%clk 0:48:17]} 15. cxd4
{[%clk 0:54:25]} Nxd4 {[%clk 0:38:44]} 16. Nxd4 {[%clk 0:54:01]} Bxd4
{[%clk 0:38:56]} 17. Bxe8 {[%clk 0:53:06]} Rxe8 {[%clk 0:39:17]} 18. Nf5
{[%clk 0:51:57]} Bxf5 {[%clk 0:37:49]} 19. exf5 {[%clk 0:52:22]} Ne4
{[%clk 0:35:36]} 20. Be3 {[%clk 0:51:22]} Be5 {[%clk 0:33:59]} 21. f4
{[%clk 0:47:10]} Bf6 {[%clk 0:33:11]} 22. Rf3 {[%clk 0:34:24]} c5
{[%clk 0:27:55]} 23. Rd1 {[%clk 0:32:03]} d4 {[%clk 0:26:48]} 24. Bc1
{[%clk 0:31:27]} Qd5 {[%clk 0:25:51]} 25. Qa4 {[%clk 0:30:21]} Nd6
{[%clk 0:23:30]} 26. Qxa5 {[%clk 0:27:06]} Qxf5 {[%clk 0:20:12]} 27. Re1
{[%clk 0:25:12]} Ne4 {[%clk 0:18:43]} 28. Qa4 {[%clk 0:20:27]} Re7
{[%clk 0:17:37]} 29. Qa8+ {[%clk 0:18:47]} Kh7 {[%clk 0:17:56]} 30. Rb3
{[%clk 0:18:16]} Qd5 {[%clk 0:16:30]} 31. Rd1 {[%clk 0:18:06]} Nc3
{[%clk 0:09:51]} 32. Rxc3 {[%clk 0:16:46]} Re2 {[%clk 0:10:11]} 33. Rf3
{[%clk 0:16:28]} 1-0

[Event "George Trundle NZ Qualifiers 2017"]
[Site "Auckland, NZL"]
[Date "2017.10.03"]
[Round "4.4"]
[White "Nyberg, Michael"]
[Black "Fan, Allen Chi Zhou"]
[Result "0-1"]
[BlackElo "2077"]
[WhiteElo "1881"]
[LiveChessVersion "1.4.8"]

1. d4 {[%clk 1:28:51]} Nf6 {[%clk 1:30:46]} 2. Nf3 {[%clk 1:28:35]} g6
{[%clk 1:30:13]} 3. e3 {[%clk 1:28:23]} Bg7 {[%clk 1:30:32]} 4. Bd3
{[%clk 1:28:20]} O-O {[%clk 1:30:12]} 5. b3 {[%clk 1:28:35]} b6 {[%clk 1:12:50]}
6. Qe2 {[%clk 1:20:42]} Bb7 {[%clk 1:11:04]} 7. Nbd2 {[%clk 1:20:14]} c5
{[%clk 1:03:11]} 8. Bb2 {[%clk 1:18:18]} Nc6 {[%clk 1:03:22]} 9. dxc5
{[%clk 1:16:01]} bxc5 {[%clk 1:03:35]} 10. O-O {[%clk 1:12:09]} Rc8
{[%clk 0:56:07]} 11. c4 {[%clk 1:05:06]} d6 {[%clk 0:52:49]} 12. Rac1
{[%clk 0:53:39]} Rc7 {[%clk 0:52:40]} 13. Rfd1 {[%clk 0:53:06]} Qa8
{[%clk 0:52:40]} 14. Bb1 {[%clk 0:48:31]} Rd8 {[%clk 0:43:53]} 15. Ne4
{[%clk 0:40:50]} Nxe4 {[%clk 0:38:39]} 16. Bxe4 {[%clk 0:37:59]} Nd4
{[%clk 0:35:18]} 17. Nxd4 {[%clk 0:35:22]} Bxe4 {[%clk 0:34:54]} 18. Nb5
{[%clk 0:35:40]} Rcd7 {[%clk 0:33:01]} 19. f3 {[%clk 0:35:16]} Bc6
{[%clk 0:32:26]} 20. Bxg7 {[%clk 0:35:14]} Kxg7 {[%clk 0:31:14]} 21. Nc3
{[%clk 0:35:27]} Rb8 {[%clk 0:26:22]} 22. e4 {[%clk 0:35:08]} f6 {[%clk 0:25:42]}
23. Qe3 {[%clk 0:34:48]} a5 {[%clk 0:22:58]} 24. Ne2 {[%clk 0:31:14]} a4
{[%clk 0:21:39]} 25. Rc3 {[%clk 0:28:59]} Ra7 {[%clk 0:17:42]} 26. h4
{[%clk 0:27:37]} axb3 {[%clk 0:15:49]} 27. axb3 {[%clk 0:27:48]} Ra2
{[%clk 0:14:04]} 28. Rd2 {[%clk 0:18:10]} Ra1+ {[%clk 0:12:27]} 29. Rc1
{[%clk 0:18:11]} Ra3 {[%clk 0:12:11]} 30. Rc3 {[%clk 0:17:33]} Qa5
{[%clk 0:09:54]} 31. Rd1 {[%clk 0:06:55]} Be8 {[%clk 0:07:52]} 32. Nf4
{[%clk 0:04:32]} Bf7 {[%clk 0:07:34]} 33. Nd5 {[%clk 0:04:13]} Rb7
{[%clk 0:07:17]} 34. Nf4 {[%clk 0:03:35]} Qb4 {[%clk 0:06:44]} 35. Rdd3
{[%clk 0:03:07]} Rba7 {[%clk 0:06:19]} 36. Nd5 {[%clk 0:02:38]} Qb8
{[%clk 0:06:02]} 37. Rd1 {[%clk 0:02:35]} Ra2 {[%clk 0:04:56]} 38. Qd3
{[%clk 0:00:59]} Rb2 {[%clk 0:01:38]} 39. Rb1 {[%clk 0:01:06]} Rxb1+
{[%clk 0:00:51]} 40. Qxb1 {[%clk 0:31:28]} Ra3 {[%clk 0:30:56]} 41. Qd3
{[%clk 0:25:24]} Qa7 {[%clk 0:27:52]} 42. Rc1 {[%clk 0:23:10]} Bxd5
{[%clk 0:10:14]} 43. exd5 {[%clk 0:22:02]} Ra2 {[%clk 0:08:12]} 44. Qe3
{[%clk 0:20:57]} Rb2 {[%clk 0:06:36]} 45. Re1 {[%clk 0:20:34]} Qa2
{[%clk 0:05:39]} 46. g4 {[%clk 0:15:14]} e5 {[%clk 0:03:55]} 47. Kf1
{[%clk 0:08:20]} Rxb3 {[%clk 0:02:21]} 48. Qe4 {[%clk 0:04:50]} Qh2
{[%clk 0:02:08]} 49. Qe2 {[%clk 0:03:52]} Qh1+ {[%clk 0:02:21]} 50. Kf2
{[%clk 0:04:17]} Qxh4+ {[%clk 0:02:00]} 51. Kg2 {[%clk 0:04:41]} Rb2
{[%clk 0:01:29]} 52. Qxb2 {[%clk 0:04:43]} Qxe1 {[%clk 0:01:53]} 53. Qb7+
{[%clk 0:04:45]} Kh6 {[%clk 0:02:16]} 54. Qe7 {[%clk 0:04:24]} Qd2+
{[%clk 0:02:13]} 55. Kh3 {[%clk 0:04:02]} Kg5 {[%clk 0:01:13]} 56. Qxd6
{[%clk 0:03:55]} Qf2 {[%clk 0:00:48]} 57. Qe6 {[%clk 0:02:53]} Qxf3+
{[%clk 0:00:49]} 58. Kh2 {[%clk 0:03:16]} Qf4+ {[%clk 0:01:08]} 59. Kh3
{[%clk 0:02:21]} Qxc4 {[%clk 0:01:28]} 60. Qd7 {[%clk 0:01:41]} Kf4
{[%clk 0:00:53]} 61. Qxh7 {[%clk 0:00:49]} Qf1+ {[%clk 0:00:43]} 62. Kh2
{[%clk 0:01:09]} Qf2+ {[%clk 0:01:01]} 63. Kh1 {[%clk 0:01:29]} Kg3
{[%clk 0:01:11]} 0-1

[Event "George Trundle NZ Qualifiers 2017"]
[Site "Auckland, NZL"]
[Date "2017.10.03"]
[Round "4.5"]
[White "Goodhue, Nathan"]
[Black "Morrell, Gordon"]
[Result "0-1"]
[BlackElo "2030"]
[WhiteElo "1976"]
[LiveChessVersion "1.4.8"]

1. b3 {[%clk 1:22:28]} e5 {[%clk 1:30:41]} 2. Bb2 {[%clk 1:22:50]} Nc6
{[%clk 1:31:06]} 3. e3 {[%clk 1:23:11]} Nf6 {[%clk 1:29:26]} 4. Bb5
{[%clk 1:23:13]} Bd6 {[%clk 1:29:32]} 5. Na3 {[%clk 1:23:06]} Be7
{[%clk 1:28:43]} 6. Nc4 {[%clk 1:23:13]} d6 {[%clk 1:28:55]} 7. Bxc6+
{[%clk 1:23:22]} bxc6 {[%clk 1:29:07]} 8. d3 {[%clk 1:23:39]} O-O
{[%clk 1:24:02]} 9. Ne2 {[%clk 1:23:25]} Be6 {[%clk 1:22:47]} 10. e4
{[%clk 1:23:22]} Nh5 {[%clk 1:10:35]} 11. Nd4 {[%clk 1:18:55]} exd4
{[%clk 0:56:10]} 12. Qxh5 {[%clk 1:19:05]} c5 {[%clk 0:53:28]} 13. O-O
{[%clk 1:18:26]} Qd7 {[%clk 0:48:52]} 14. Qe2 {[%clk 1:18:20]} Rae8
{[%clk 0:42:51]} 15. f4 {[%clk 1:07:23]} f5 {[%clk 0:29:18]} 16. Nd2
{[%clk 1:07:00]} Bf6 {[%clk 0:28:39]} 17. Rae1 {[%clk 1:01:56]} g6
{[%clk 0:26:23]} 18. exf5 {[%clk 0:56:31]} gxf5 {[%clk 0:26:25]} 19. Qf2
{[%clk 0:46:58]} Re7 {[%clk 0:23:23]} 20. Re2 {[%clk 0:46:15]} Rg7
{[%clk 0:22:41]} 21. Nb1 {[%clk 0:41:07]} Bd5 {[%clk 0:21:54]} 22. Qe1
{[%clk 0:38:21]} Rg4 {[%clk 0:14:57]} 23. h3 {[%clk 0:37:15]} Bh4
{[%clk 0:14:04]} 24. Qa5 {[%clk 0:31:29]} Rg3 {[%clk 0:13:22]} 25. Bxd4
{[%clk 0:31:48]} Qc6 {[%clk 0:12:53]} 26. Nc3 {[%clk 0:20:02]} Bxg2 27. Bf2
{[%clk 0:19:57]} Bxf1+ {[%clk 0:09:33]} 28. Bxg3 {[%clk 0:20:20]} Bxg3
{[%clk 0:09:56]} 29. Rd2 {[%clk 0:17:29]} Bxh3 {[%clk 0:09:55]} 0-1